[Event "Online Olym Div2 D 2020"]
[Site "chess.com INT"]
[Date "2020.08.14"]
[Round "1.4"]
[Board "3"]
[White "Blagojevic, Tijana"]
[Black "Mencos, Claudia"]
[Result "1-0"]
[WhiteTitle "WIM"]
[BlackTitle "WIM"]
[WhiteElo "2194"]
[BlackElo "1977"]
[WhiteTeam "Serbia"]
[BlackTeam "Guatemala"]
[WhiteFideId "16500270"]
[BlackFideId "7300573"]
[EventDate "2020.08.14"]
[EventType "team"]

1. e4 c5 2. Nf3 e6 3. d4 cxd4 4. Nxd4 a6 5. c4 Qc7 6. Nc3 Nf6 7. a3 b6 8. Be2
Bb7 9. f3 d6 10. Be3 Nbd7 11. Rc1 Be7 12. O-O Rc8 13. b4 O-O 14. Qd2 Qb8 15. Rc2
Bd8 16. Kh1 Bc7 17. Bg1 Rfd8 18. Na4 d5 19. exd5 exd5 20. c5 bxc5 21. bxc5 Bf4
22. Qb4 Bc6 23. Nb6 Nxb6 24. cxb6 Bd6 25. Qa5 Bb7 26. Rfc1 Qa8 27. Nf5 Bf8 28.
Bd4 Nh5 29. Qd2 Rxc2 30. Rxc2 Rc8 31. Rc7 Rxc7 32. bxc7 Qc8 33. g4 Nf6 34. Qg5
Ne8 35. Nh6+ Kh8 36. Nxf7+ Kg8 37. Nh6+ Kh8 38. Qd8 Nxc7 39. Bxg7+ Kxg7 40. Qg5+ 1-0

[Event "Online Olym Div2 D 2020"]
[Site "chess.com INT"]
[Date "2020.08.14"]
[Round "1.4"]
[Board "4"]
[White "Mencos Castillo, Maria"]
[Black "Djukic, Sandra"]
[Result "0-1"]
[WhiteTitle "WIM"]
[BlackTitle "WIM"]
[WhiteElo "1865"]
[BlackElo "2145"]
[WhiteTeam "Guatemala"]
[BlackTeam "Serbia"]
[WhiteFideId "7300867"]
[BlackFideId "931390"]
[EventDate "2020.08.14"]
[EventType "team"]

1. e4 c5 2. Nc3 Nc6 3. g3 g6 4. Bg2 Bg7 5. d3 d6 6. Be3 b6 7. Qd2 Bb7 8. Nd1 Qd7
9. c3 Nf6 10. h3 d5 11. Bh6 Bxh6 12. Qxh6 dxe4 13. dxe4 Ne5 14. f3 Nd3+ 15. Kf1
Nxb2 16. Nxb2 Qb5+ 17. Ne2 Qxb2 18. Rd1 Ba6 19. Rd2 Qxc3 20. Kf2 Bxe2 21. Kxe2
Nh5 22. Kf2 Qe5 23. f4 Qc3 24. Rhd1 Qxg3+ 25. Kg1 Qxf4 26. Qxf4 Nxf4 27. e5 Nxg2
28. Kxg2 O-O 29. Rd7 Rfe8 30. a4 Kf8 31. a5 bxa5 32. Ra1 Red8 33. Rc7 Rd5 34.
Rxa5 Rxe5 35. Raxa7 Rxa7 36. Rxa7 Kg7 37. Rc7 e6 38. Kf3 Rf5+ 39. Kg3 h5 40. Rd7
Kf6 41. h4 Ke5 42. Rd1 Ke4 43. Rd7 c4 44. Rc7 Kd3 45. Rd7+ Kc2 46. Rc7 c3 47.
Kg2 Kd2 48. Rd7+ Kc1 49. Rc7 c2 50. Rc4 Rd5 51. Rf4 Kd1 52. Rf1+ Kd2 53. Rf2+
Kc3 54. Rf3+ Rd3 55. Rf1 Rd2+ 56. Kg3 Kb2 57. Rxf7 c1=Q 58. Rb7+ Ka3 59. Ra7+
Kb4 60. Rb7+ Ka5 61. Rb3 Qg1+ 62. Kf4 Qg4+ 0-1

[Event "Online Olym Div2 D 2020"]
[Site "chess.com INT"]
[Date "2020.08.14"]
[Round "1.4"]
[Board "5"]
[White "Radovanovic, Mihajlo"]
[Black "Aragon Trujillo, Ricardo M."]
[Result "1-0"]
[WhiteTitle "IM"]
[BlackTitle "CM"]
[WhiteElo "2457"]
[BlackElo "1875"]
[WhiteTeam "Serbia"]
[BlackTeam "Guatemala"]
[WhiteFideId "940313"]
[BlackFideId "7303033"]
[EventDate "2020.08.14"]
[EventType "team"]

1. Nf3 c5 2. c4 Nc6 3. g3 g6 4. Bg2 Bg7 5. Nc3 e6 6. O-O Nge7 7. d3 a6 8. Rb1
O-O 9. Bg5 h6 10. Bd2 d5 11. a3 Rb8 12. b4 cxb4 13. axb4 b5 14. cxd5 exd5 15.
Na2 Bb7 16. e3 Nc8 17. Nc1 Nb6 18. Nb3 Na4 19. Rc1 Rc8 20. Nc5 Nxc5 21. Rxc5 Qd7
22. Qb3 Ne7 23. d4 Rxc5 24. dxc5 Bc6 25. Bc3 Qe6 26. Bxg7 Kxg7 27. Nd4 Qd7 28.
Rd1 Rd8 29. Qc3 Kg8 30. Nb3 Qe6 31. Nd4 Qd7 32. h4 h5 33. Kh2 Qc7 34. Nb3 Qd7
35. Bh3 Qc7 36. Qf6 Qb7 37. Nd4 Qc7 38. Nb3 Qb7 39. Rd4 Qc7 40. Rf4 Nc8 41. Nd4
Na7 42. Be6 fxe6 43. Nxe6 Qd7 44. Qxg6+ Kh8 45. Rf7 Qxf7 46. Qxf7 1-0

[Event "Online Olym Div2 D 2020"]
[Site "chess.com INT"]
[Date "2020.08.14"]
[Round "1.4"]
[Board "6"]
[White "Santiago Sontay, Jenny Fernanda"]
[Black "Nestorovic, Katarina"]
[Result "1-0"]
[WhiteElo "1708"]
[BlackElo "2082"]
[WhiteTeam "Guatemala"]
[BlackTeam "Serbia"]
[WhiteFideId "7303084"]
[BlackFideId "954632"]
[EventDate "2020.08.14"]
[EventType "team"]

1. e4 c5 2. Nf3 e6 3. d4 cxd4 4. Nxd4 Nf6 5. Nc3 d6 6. Be2 a6 7. Be3 Qc7 8. O-O
b5 9. a3 Bb7 10. Qd3 Nbd7 11. f3 Be7 12. Rad1 O-O 13. Rfe1 Rfd8 14. Bf1 Rac8 15.
Bf2 Ne5 16. Qe3 Nfd7 17. Rd2 h6 18. h3 Bf6 19. Red1 Ng6 20. f4 Nc5 21. g3 Ne7
22. Bg2 e5 23. Nde2 Ne6 24. Qb6 Rd7 25. Qxc7 Rdxc7 26. f5 Nc5 27. Rxd6 Kf8 28.
Rd8+ 1-0

[Event "Online Olym Div2 D 2020"]
[Site "chess.com INT"]
[Date "2020.08.14"]
[Round "1.5"]
[Board "1"]
[White "Solak, Dragan"]
[Black "Andersen, Mads"]
[Result "1-0"]
[WhiteTitle "GM"]
[BlackTitle "GM"]
[WhiteElo "2594"]
[BlackElo "2585"]
[WhiteTeam "Turkey"]
[BlackTeam "Denmark"]
[WhiteFideId "916811"]
[BlackFideId "1413864"]
[EventDate "2020.08.14"]
[EventType "team"]

1. e4 e5 2. Nf3 Nc6 3. Bb5 a6 4. Bxc6 dxc6 5. O-O Bd6 6. d4 exd4 7. Qxd4 f6 8.
Bd2 Be6 9. Bb4 Nh6 10. Bxd6 Qxd6 11. Nc3 Qxd4 12. Nxd4 Bc4 13. Rfd1 O-O-O 14. f3
Rd7 15. Kf2 Rhd8 16. Nde2 f5 17. Rxd7 Rxd7 18. exf5 Nxf5 19. Rd1 Re7 20. Ng3 Nd6
21. Nce4 Nxe4+ 22. Nxe4 b6 23. a3 c5 24. h4 h6 25. g4 a5 26. h5 Bb5 27. Ng3 Bd7
28. Re1 Rf7 29. Re4 Kd8 30. Ke3 Bc6 31. Rf4 Re7+ 32. Kf2 Rd7 33. Ke2 Re7+ 34.
Kd2 Rd7+ 35. Ke2 Re7+ 36. Ne4 Ke8 37. Ke3 Re5 38. Rf5 Re7 39. Kf4 Bd7 40. Re5
Kf7 41. Rxe7+ Kxe7 42. Ke5 Ba4 43. c3 Bd1 44. Nd2 Be2 45. Kf5 Kf7 46. Ke5 Ke7
47. Kf5 Kf7 48. g5 hxg5 49. Kxg5 Bd1 50. Kf5 Be2 51. Kg5 Bd1 52. f4 Be2 53. f5
Kf8 54. Ne4 Bd3 55. Nf2 Bc2 56. f6 Bd1 57. fxg7+ Kxg7 58. Nd3 Be2 59. Nf4 Bc4
60. h6+ Kf7 61. Kf5 Bb3 62. Ke5 Bd1 63. Ne6 Kg6 64. Nxc7 Kxh6 65. Kd6 Bf3 66.
Nd5 Kg6 67. Nxb6 Kf6 68. Kxc5 Ke7 69. Nc4 a4 70. Nb6 Bd1 71. Kb4 Kd6 72. Nxa4
Kc6 73. Nc5 Kb6 74. Ne6 1-0

[Event "Online Olym Div2 D 2020"]
[Site "chess.com INT"]
[Date "2020.08.14"]
[Round "1.5"]
[Board "2"]
[White "Thybo, Jesper Sondergaard"]
[Black "Sanal, Vahap"]
[Result "1/2-1/2"]
[WhiteTitle "GM"]
[BlackTitle "GM"]
[WhiteElo "2577"]
[BlackElo "2581"]
[WhiteTeam "Denmark"]
[BlackTeam "Turkey"]
[WhiteFideId "1438832"]
[BlackFideId "6300545"]
[EventDate "2020.08.14"]
[EventType "team"]

1. d4 d5 2. c4 e6 3. Nf3 a6 4. cxd5 exd5 5. Nc3 h6 6. Qb3 Nf6 7. e4 Nxe4 8. Nxe4
dxe4 9. Ne5 Qe7 10. Bc4 Qb4+ 11. Bd2 Qxb3 12. Bxb3 Be6 13. d5 Bf5 14. d6 cxd6
15. Nxf7 Rh7 16. Bb4 Nc6 17. Nxd6+ Bxd6 18. Bxd6 Na5 19. Ba4+ b5 20. Bb3 g6 21.
O-O Rd7 22. Be5 Nxb3 23. axb3 b4 24. Rfe1 h5 25. h3 Rd5 26. Bc7 Kd7 27. Ba5 Rb8
28. Rec1 Rbb5 29. Bc7 a5 30. Bf4 Rbc5 31. Rxc5 Rxc5 32. Be3 Rc2 33. Bd4 Rd2 34.
Bg7 Rd5 35. Rc1 Be6 36. Re1 Bf5 37. Kh2 Rd3 38. Ra1 Rd5 39. Kg3 Kc6 40. Kf4 Kb5
41. g4 hxg4 42. hxg4 Be6 43. Kxe4 Rd7 44. Bd4 Bxg4 45. Rc1 Bf5+ 46. Ke3 Re7+ 47.
Kd2 Rd7 48. Rc5+ Ka6 49. Ke3 Re7+ 50. Re5 Rh7 51. Rd5 Re7+ 52. Re5 Rc7 53. Rc5
Rxc5 54. Bxc5 Be6 55. Kd2 Bxb3 56. Be7 Kb5 57. Bd8 Be6 58. Bc7 a4 59. Bd6 Kc4
60. Bf8 Bf5 61. Be7 Kb3 62. Kc1 Be4 63. Bf8 g5 64. Be7 g4 65. Bf8 Bf5 66. Be7 a3
67. bxa3 Kxa3 68. Bf8 Kb3 69. Be7 Kc3 70. Bf6+ Kd3 71. Kb2 Ke2 72. Bd4 Be6 73.
Ba7 b3 74. Bb6 Kf3 75. Ba7 g3 76. fxg3 Kxg3 77. Bb6 Kf3 78. Ba7 1/2-1/2

[Event "Online Olym Div2 D 2020"]
[Site "chess.com INT"]
[Date "2020.08.14"]
[Round "1.5"]
[Board "3"]
[White "Atalik, Ekaterina"]
[Black "Kryger, Oksana"]
[Result "1-0"]
[WhiteTitle "IM"]
[BlackTitle "WIM"]
[WhiteElo "2450"]
[BlackElo "2113"]
[WhiteTeam "Turkey"]
[BlackTeam "Denmark"]
[WhiteFideId "4130189"]
[BlackFideId "1404695"]
[EventDate "2020.08.14"]
[EventType "team"]

1. Nf3 d5 2. e3 Nf6 3. c4 dxc4 4. Bxc4 e6 5. O-O c5 6. b3 Be7 7. Bb2 O-O 8. d4
cxd4 9. Nxd4 Nbd7 10. Nd2 a6 11. Be2 Bc5 12. Nc4 b5 13. Bf3 Nd5 14. Bxd5 exd5
15. Nd2 Bb7 16. N2f3 Nf6 17. Nf5 Qd7 18. Nh6+ Kh8 19. Bxf6 gxf6 20. Nd4 Rae8 21.
Qh5 Re4 22. Rfd1 Bxd4 23. Rxd4 Rxd4 24. exd4 Qe6 25. h3 Qe4 26. Nxf7+ Kg7 27.
Nd6 Qxd4 28. Nf5+ 1-0

[Event "Online Olym Div2 D 2020"]
[Site "chess.com INT"]
[Date "2020.08.14"]
[Round "1.5"]
[Board "4"]
[White "Guindy, Esmat Susanne"]
[Black "Ozturk, Kubra"]
[Result "0-1"]
[WhiteTitle "WFM"]
[BlackTitle "WGM"]
[WhiteElo "2131"]
[BlackElo "2330"]
[WhiteTeam "Denmark"]
[BlackTeam "Turkey"]
[WhiteFideId "1401637"]
[BlackFideId "6302599"]
[EventDate "2020.08.14"]
[EventType "team"]

1. c4 e5 2. g3 Nf6 3. Bg2 d5 4. cxd5 Nxd5 5. Nc3 Nb6 6. Nf3 Nc6 7. d3 Be7 8. O-O
O-O 9. b3 f5 10. Bb2 Bf6 11. Rc1 Be6 12. Qc2 Qd7 13. Rfd1 Rad8 14. Qb1 Qf7 15.
Qa1 Qh5 16. Rc2 Rd7 17. Rcd2 Rfd8 18. Nb1 Nd4 19. Nxd4 exd4 20. Bxb7 f4 21. Na3
Bg4 22. Re1 Nd5 23. Nb5 c5 24. Bc6 Re7 25. Bxd5+ Rxd5 26. Qc1 fxg3 27. hxg3 Bg5
28. Ba3 Bxd2 29. Qxd2 Rxe2 30. Rxe2 Bxe2 31. Qf4 Qe5 32. Qxe5 Rxe5 33. Nxa7 Bxd3
34. Nc6 Re1+ 35. Kg2 Be4+ 0-1

[Event "Online Olym Div2 D 2020"]
[Site "chess.com INT"]
[Date "2020.08.14"]
[Round "1.5"]
[Board "5"]
[White "Gokerkan, Cem Kaan"]
[Black "Olsen, Filip Boe"]
[Result "1-0"]
[WhiteTitle "IM"]
[BlackTitle "IM"]
[WhiteElo "2461"]
[BlackElo "2351"]
[WhiteTeam "Turkey"]
[BlackTeam "Denmark"]
[WhiteFideId "6336760"]
[BlackFideId "1440640"]
[EventDate "2020.08.14"]
[EventType "team"]

1. e4 c6 2. d4 d5 3. exd5 cxd5 4. Nf3 Nc6 5. c4 Nf6 6. Nc3 Bg4 7. cxd5 Nxd5 8.
h3 Bxf3 9. gxf3 e6 10. Bc4 Bb4 11. Bd2 Nb6 12. Bb5 Qxd4 13. a3 Bc5 14. Ne4 f5
15. Nxc5 Qxc5 16. Qe2 Kf7 17. Rc1 Qd5 18. Bxc6 bxc6 19. O-O Qb5 20. Qxb5 cxb5
21. Rc7+ Kg8 22. Re1 Nd5 23. Rb7 Re8 24. Rxa7 h5 25. h4 f4 26. Re5 Rh6 27. Rg5
Re7 28. Rxe7 Nxe7 29. Rxb5 Nf5 30. Bxf4 Rg6+ 31. Kf1 Nxh4 32. Rxh5 Nxf3 33. Bg3
Nd2+ 34. Ke2 Ne4 35. Bf4 Rf6 36. Be3 g5 37. a4 Rf5 38. Rh1 Kf7 39. Ra1 Ra5 40.
Bb6 Ra6 41. a5 Kf6 42. b4 Nd6 43. Kd3 Ke5 44. Bc7 Kd5 45. Bxd6 Rxd6 46. Kc3 Kc6
47. Kc4 Kb7 48. b5 e5 49. Rh1 Rd7 50. Rh5 Rg7 51. Kc5 e4 52. a6+ Ka7 53. Rh8
Rc7+ 54. Kb4 Rc2 55. Rh7+ Kb8 56. b6 Rb2+ 57. Kc5 Rc2+ 58. Kd4 Rc8 59. a7+ Ka8
60. b7+ 1-0

[Event "Online Olym Div2 D 2020"]
[Site "chess.com INT"]
[Date "2020.08.14"]
[Round "1.5"]
[Board "6"]
[White "van den Brink, Nienke"]
[Black "Caglar, Sila"]
[Result "0-1"]
[BlackTitle "WIM"]
[WhiteElo "1811"]
[BlackElo "2250"]
[WhiteTeam "Denmark"]
[BlackTeam "Turkey"]
[WhiteFideId "1452568"]
[BlackFideId "6364063"]
[EventDate "2020.08.14"]
[EventType "team"]

1. e4 c5 2. Nf3 e6 3. d4 cxd4 4. Nxd4 Nc6 5. Nc3 Qc7 6. Be3 a6 7. f3 Nf6 8. Qd2
Bb4 9. O-O-O O-O 10. g4 b5 11. Nb3 Rd8 12. a3 Be7 13. Qf2 Rb8 14. g5 Ne8 15. h4
b4 16. axb4 Bxb4 17. Na4 Na5 18. Nbc5 d6 19. Nxa6 Bxa6 20. Bxa6 Qc6 21. Nb6 Nb3+
22. Kb1 Nc5 23. Bxc5 Bxc5 24. Qe2 Qxb6 25. c3 Nc7 26. Bd3 Ba3 27. Rh2 Qa5 28.
Qc2 Bxb2 29. Qxb2 Qxc3 0-1

[Event "Online Olym Div2 D 2020"]
[Site "chess.com INT"]
[Date "2020.08.14"]
[Round "2.1"]
[Board "1"]
[White "Agdestein, Simen"]
[Black "Andersen, Mads"]
[Result "0-1"]
[WhiteTitle "GM"]
[BlackTitle "GM"]
[WhiteElo "2552"]
[BlackElo "2585"]
[WhiteTeam "Norway"]
[BlackTeam "Denmark"]
[WhiteFideId "1500015"]
[BlackFideId "1413864"]
[EventDate "2020.08.14"]
[EventType "team"]

1. c4 c6 2. Nf3 d5 3. b3 Bf5 4. Bb2 e6 5. d3 h6 6. Nbd2 Nf6 7. a3 Be7 8. e4 dxe4
9. dxe4 Nxe4 10. Bxg7 Rg8 11. Bb2 Nc5 12. Nd4 Nd3+ 13. Bxd3 Bxd3 14. N2f3 Bh7
15. O-O c5 16. Nb5 Nc6 17. Ne5 a6 18. Qxd8+ Rxd8 19. Nc7+ Kf8 20. Nxc6 bxc6 21.
Rfd1 Rxd1+ 22. Rxd1 Bc2 23. Rd7 Bxb3 24. Nxa6 Bxc4 25. Ra7 f6 26. Nb8 Bd5 27.
Nd7+ Kf7 28. Nxf6 Rxg2+ 29. Kf1 Rxh2 30. Ng4 Rh1+ 31. Ke2 e5 32. Nxe5+ Ke6 0-1

[Event "Online Olym Div2 D 2020"]
[Site "chess.com INT"]
[Date "2020.08.14"]
[Round "2.1"]
[Board "2"]
[White "Thybo, Jesper Sondergaard"]
[Black "Urkedal, Frode Olav Olsen"]
[Result "1/2-1/2"]
[WhiteTitle "GM"]
[BlackTitle "GM"]
[WhiteElo "2577"]
[BlackElo "2549"]
[WhiteTeam "Denmark"]
[BlackTeam "Norway"]
[WhiteFideId "1438832"]
[BlackFideId "1506102"]
[EventDate "2020.08.14"]
[EventType "team"]

1. d4 Nf6 2. c4 e6 3. g3 d5 4. Nf3 Bb4+ 5. Bd2 Be7 6. Bg2 O-O 7. O-O Nbd7 8. Qc2
c6 9. Bf4 Nh5 10. Bc1 Nhf6 11. Bf4 Nh5 12. Bc1 Nhf6 13. Nbd2 b6 14. e4 dxc4 15.
Nxc4 Bb7 16. Bg5 h6 17. e5 hxg5 18. Nxg5 Ba6 19. exf6 Nxf6 20. Ne5 Bxf1 21. Rxf1
Qxd4 22. Nxc6 Qc5 23. Nxe7+ Qxe7 24. Bxa8 Rxa8 25. Rc1 g6 26. Qc7 Re8 27. h4 Nd5
28. Qxe7 Rxe7 29. Rc8+ Kg7 30. Kf1 Rd7 31. Ke2 Ne7 32. Rc4 1/2-1/2

[Event "Online Olym Div2 D 2020"]
[Site "chess.com INT"]
[Date "2020.08.14"]
[Round "2.1"]
[Board "3"]
[White "Dolzhikova, Olga"]
[Black "Kryger, Oksana"]
[Result "1-0"]
[WhiteTitle "WGM"]
[BlackTitle "WIM"]
[WhiteElo "2208"]
[BlackElo "2113"]
[WhiteTeam "Norway"]
[BlackTeam "Denmark"]
[WhiteFideId "14105870"]
[BlackFideId "1404695"]
[EventDate "2020.08.14"]
[EventType "team"]

1. e4 e6 2. d4 d5 3. Bd3 c5 4. exd5 exd5 5. Nf3 Nc6 6. O-O cxd4 7. Re1+ Be7 8.
Bg5 Bg4 9. Nbd2 h6 10. Bh4 Qb6 11. h3 Be6 12. Bxe7 Ngxe7 13. Nb3 O-O-O 14. a4 g5
15. Qd2 g4 16. hxg4 Bxg4 17. a5 Qc7 18. Nfxd4 Ne5 19. Nb5 Qb8 20. Nxa7+ Qxa7 21.
Rxe5 Nc6 22. Bf5+ Bxf5 23. Rxf5 Rhg8 24. Qf4 Rde8 25. Rxf7 Ne5 26. Rf5 Ng6 27.
Qb4 Nh4 28. Qxh4 Re4 29. Rf4 Re5 30. Rg4 Rf8 31. Qg3 Re2 32. Rf4 Rfe8 33. Rf7
Rxc2 34. Rd1 Qxa5 35. Nxa5 1-0

[Event "Online Olym Div2 D 2020"]
[Site "chess.com INT"]
[Date "2020.08.14"]
[Round "2.1"]
[Board "4"]
[White "Guindy, Esmat Susanne"]
[Black "Machlik, Monika"]
[Result "0-1"]
[WhiteTitle "WFM"]
[WhiteElo "2131"]
[BlackElo "2107"]
[WhiteTeam "Denmark"]
[BlackTeam "Norway"]
[WhiteFideId "1401637"]
[BlackFideId "1513621"]
[EventDate "2020.08.14"]
[EventType "team"]

1. c4 e5 2. g3 Nf6 3. Bg2 d5 4. cxd5 Nxd5 5. Nc3 Nb6 6. Nf3 Nc6 7. O-O Be7 8. a4
a5 9. d3 O-O 10. Be3 Re8 11. Nd2 Nd4 12. Nc4 Nxc4 13. dxc4 c6 14. b3 Bf5 15. Ne4
Qb6 16. Rb1 Rad8 17. Re1 Bg6 18. Rb2 Ba3 19. Ra2 Nf3+ 20. Bxf3 Rxd1 21. Bxb6
Rxe1+ 22. Kg2 Bb4 23. c5 f5 24. Nd6 e4 25. Nxe8 exf3+ 26. Kxf3 Bxe8 27. Kf4 Bd7
28. Ke5 Rd1 29. e4 Bc3+ 30. Kf4 fxe4 31. Kxe4 Kf7 32. Rc2 Bb4 33. f3 Be6 0-1

[Event "Online Olym Div2 D 2020"]
[Site "chess.com INT"]
[Date "2020.08.14"]
[Round "2.1"]
[Board "5"]
[White "Haug, Johannes"]
[Black "Olsen, Filip Boe"]
[Result "1-0"]
[WhiteTitle "IM"]
[BlackTitle "IM"]
[WhiteElo "2481"]
[BlackElo "2351"]
[WhiteTeam "Norway"]
[BlackTeam "Denmark"]
[WhiteFideId "1509268"]
[BlackFideId "1440640"]
[EventDate "2020.08.14"]
[EventType "team"]

1. d4 Nf6 2. c4 e6 3. Nf3 d5 4. Nc3 c6 5. Bg5 dxc4 6. a4 Bb4 7. e4 Qa5 8. Bd2 c5
9. Bxc4 cxd4 10. Nxd4 O-O 11. Qe2 Rd8 12. Nc2 Nc6 13. Rd1 Nd4 14. Nxd4 Rxd4 15.
e5 Nd7 16. f4 Nb6 17. Bb3 Bd7 18. O-O Nxa4 19. Bxa4 Bxa4 20. Ra1 Rxd2 21. Qxd2
Qb6+ 22. Kh1 Bc6 23. Rad1 g6 24. Qe2 a5 25. Ne4 Bb5 26. Qf3 Bxf1 27. Rxf1 Be7
28. g4 Qd4 29. f5 exf5 30. gxf5 Rf8 31. Qf4 g5 32. Nf6+ 1-0

[Event "Online Olym Div2 D 2020"]
[Site "chess.com INT"]
[Date "2020.08.14"]
[Round "2.1"]
[Board "6"]
[White "van den Brink, Nienke"]
[Black "Kvendseth, Thyra"]
[Result "0-1"]
[WhiteElo "1811"]
[BlackElo "2017"]
[WhiteTeam "Denmark"]
[BlackTeam "Norway"]
[WhiteFideId "1452568"]
[BlackFideId "1520628"]
[EventDate "2020.08.14"]
[EventType "team"]

1. e4 e5 2. Nf3 Nc6 3. d4 exd4 4. Nxd4 Nf6 5. Nxc6 bxc6 6. e5 Qe7 7. Qe2 Nd5 8.
c4 Ba6 9. f4 Nb6 10. Qe4 O-O-O 11. Nc3 Bb7 12. c5 Qxc5 13. Be3 Qb4 14. Qc2 Nd5
15. Bd2 Qc5 16. Qa4 f6 17. Rc1 Qb4 18. Qxa7 Bc5 19. Qa4 Nxc3 20. Qxb4 Bxb4 21.
bxc3 Ba3 22. Rb1 Rhe8 23. Rb3 Bc5 24. Kd1 fxe5 25. fxe5 Rxe5 26. Bf4 Re4 27. Bg3
Ra4 28. Rb2 Re8 29. Bd3 h6 30. Bc2 Ra3 31. Bb3 Ba6 32. c4 Re4 33. Rc2 Ra5 34.
Be1 Ra3 35. Rf1 Kb7 36. Rb2 Ka7 37. Rf7 Rd4+ 38. Kc2 Bxc4 39. Bxc4 Rxc4+ 40. Kb1
Rd3 41. Rc2 Rd1+ 42. Kb2 Bd4+ 43. Bc3 Bxc3+ 44. Rxc3 Rd2+ 45. Kb3 Rxc3+ 46. Kxc3
Rxg2 47. Rxd7 Kb6 48. a4 g5 49. Kc4 Rg4+ 50. Kd3 Rxa4 51. Rh7 Rh4 52. Ke2 Rxh2+
53. Kf3 Rh4 54. Rg7 c5 55. Rg6+ Kb5 56. Rg7 Kb6 57. Rg6+ Kb7 58. Ke3 c4 59. Rf6
h5 60. Rg6 g4 61. Kd4 g3+ 62. Kc3 Rg4 63. Re6 g2 0-1

[Event "Online Olym Div2 D 2020"]
[Site "chess.com INT"]
[Date "2020.08.14"]
[Round "2.2"]
[Board "1"]
[White "Cu Hor, Winston Darwin"]
[Black "Solak, Dragan"]
[Result "1/2-1/2"]
[WhiteTitle "FM"]
[BlackTitle "GM"]
[WhiteElo "2333"]
[BlackElo "2594"]
[WhiteTeam "Guatemala"]
[BlackTeam "Turkey"]
[WhiteFideId "7300662"]
[BlackFideId "916811"]
[EventDate "2020.08.14"]
[EventType "team"]

1. Nf3 d5 2. c4 c6 3. b3 Nf6 4. Bb2 g6 5. g3 Bg7 6. Bg2 O-O 7. O-O Bg4 8. d3
Bxf3 9. Bxf3 e6 10. Nd2 Ne8 11. Rb1 Bxb2 12. Rxb2 Nd7 13. b4 a6 14. a4 Nd6 15.
b5 axb5 16. axb5 Ne5 17. cxd5 cxd5 18. Qb3 Qa5 19. Rc1 Rfc8 20. Rxc8+ Rxc8 21.
Kg2 Rc3 22. Qb4 Qxb4 23. Rxb4 Rc2 24. Nb1 Kf8 25. Rb3 Nf5 26. Rb4 Ke7 27. Na3
Ra2 28. Ra4 Kd7 29. Ra7 Nxf3 30. exf3 Kc7 31. Ra8 Rb2 32. Rh8 h5 33. g4 hxg4 34.
fxg4 Nd6 35. h4 Rb3 36. Nc2 Rxd3 37. h5 gxh5 38. gxh5 Nf5 39. h6 Nh4+ 40. Kh2
Nf3+ 41. Kg2 Nh4+ 42. Kh2 Nf3+ 43. Kg2 Nh4+ 1/2-1/2

[Event "Online Olym Div2 D 2020"]
[Site "chess.com INT"]
[Date "2020.08.14"]
[Round "2.2"]
[Board "2"]
[White "Sanal, Vahap"]
[Black "Lorenzana, Wilson Estuardo"]
[Result "1-0"]
[WhiteTitle "GM"]
[BlackTitle "IM"]
[WhiteElo "2581"]
[BlackElo "2220"]
[WhiteTeam "Turkey"]
[BlackTeam "Guatemala"]
[WhiteFideId "6300545"]
[BlackFideId "7300239"]
[EventDate "2020.08.14"]
[EventType "team"]

1. Nf3 c5 2. e4 e6 3. d4 cxd4 4. Nxd4 a6 5. g3 Nc6 6. Nxc6 bxc6 7. Bg2 d5 8. O-O
Nf6 9. Nc3 Be7 10. Na4 O-O 11. Qe2 a5 12. b3 Ba6 13. c4 Re8 14. Bb2 Bf8 15. Rad1
Nd7 16. Qc2 Qc7 17. Rfe1 dxc4 18. bxc4 Nc5 19. Nxc5 Bxc5 20. e5 Rab8 21. Ba1
Red8 22. Be4 h6 23. Kg2 Rb4 24. Rxd8+ Qxd8 25. Rd1 Qc7 26. Bc3 Rb8 27. Qa4 Bb4
28. Bxb4 Rxb4 29. Qxc6 Qxc6 30. Rd8+ 1-0

[Event "Online Olym Div2 D 2020"]
[Site "chess.com INT"]
[Date "2020.08.14"]
[Round "2.2"]
[Board "3"]
[White "Diaz, Luisa"]
[Black "Atalik, Ekaterina"]
[Result "0-1"]
[BlackTitle "IM"]
[WhiteElo "1739"]
[BlackElo "2450"]
[WhiteTeam "Guatemala"]
[BlackTeam "Turkey"]
[WhiteFideId "7300948"]
[BlackFideId "4130189"]
[EventDate "2020.08.14"]
[EventType "team"]

1. e4 c6 2. d4 d5 3. Nc3 dxe4 4. Nxe4 Bf5 5. Ng3 Bg6 6. Nf3 e6 7. h4 h6 8. Bd3
Bxd3 9. Qxd3 Nf6 10. Bf4 Bb4+ 11. c3 Be7 12. O-O O-O 13. Rfe1 Nd5 14. Bxb8 Rxb8
15. h5 Bd6 16. Ne4 Nf4 17. Qc2 Nxh5 18. Nxd6 Qxd6 19. Re5 Nf6 20. Rae1 Rfd8 21.
Qa4 a6 22. Qc2 Qc7 23. c4 b6 24. b3 c5 25. dxc5 bxc5 26. Qc3 Rd6 27. Qe3 Nd7 28.
Re4 Rd8 29. Qf4 Nf6 30. R4e2 R6d7 31. Qxc7 Rxc7 32. Ne5 Kf8 33. f3 Ke7 34. Kf2
Rd4 35. Rh1 h5 36. g3 g6 37. Rhe1 a5 38. Rb1 Nd7 39. Nxd7 Rcxd7 40. Re5 Rd2+ 41.
Re2 e5 42. Ke1 Rxe2+ 43. Kxe2 Ke6 44. Rg1 Rd4 45. Ke3 f5 46. Ke2 Kf6 47. Rh1 f4
48. gxf4 exf4 49. Rg1 g5 50. Rh1 h4 51. a3 Kf5 52. Rh2 Rd8 53. Rh1 Rb8 54. Rb1
h3 55. Kf2 Rd8 56. Rh1 Rd2+ 57. Ke1 Rb2 58. Rxh3 Rxb3 59. Rh8 Rxf3 60. Rc8 Rxa3
61. Rxc5+ Kg4 62. Rd5 f3 63. c5 Kf4 64. c6 Rc3 65. Rd6 Kg3 66. Rf6 g4 67. Kd2
Rc5 68. Ke1 Kg2 69. Rg6 g3 70. Rf6 f2+ 71. Ke2 Re5+ 72. Kd3 f1=Q+ 0-1